000 00203 a2200097 4500
001 15774
100 _aZeiger
245 _aEncyclopedia of English
260 _aNew York
_bArco
_c
090 _c12328
_d12328
942 _aNUST-CAE
_cM
_c2590
999 _c250847
_d250847